|
|
|
|
| LEADER |
00000nam0a2200000 4500 |
| 001 |
107874 |
| 005 |
20250423063229.0 |
| 035 |
|
|
|a (RuTPU)RU\TPU\book\116464
|
| 090 |
|
|
|a 107874
|
| 100 |
|
|
|a 20070109d1979 km y0rusy50 ca
|
| 101 |
0 |
|
|a rus
|
| 102 |
|
|
|a RU
|
| 105 |
|
|
|a af z 001zy
|
| 200 |
1 |
|
|a Металлоносность термальных вод складчатых областей СССР
|e сборник научных трудов
|f Всероссийский научно-исследовательский геологический институт им. А. П. Карпинского (ВСЕГЕИ) ; под ред. И. К. Зайцева
|
| 210 |
|
|
|a Ленинград
|c Изд-во ВСЕГЕИ
|d 1979
|
| 215 |
|
|
|a 123 с.
|c ил.
|
| 225 |
1 |
|
|a Труды. Новая серия
|v 260
|
| 320 |
|
|
|a Библиография в конце работ.
|
| 500 |
1 |
0 |
|a Труды Всесоюзного научно-исследовательского геологического института
|9 88882
|
| 610 |
1 |
|
|a металлоносность
|
| 610 |
1 |
|
|a термальные воды
|
| 610 |
1 |
|
|a складчатые области
|
| 610 |
1 |
|
|a СССР
|
| 675 |
|
|
|a 551.2
|v 3
|
| 702 |
|
1 |
|a Зайцев
|b И. К.
|4 340
|
| 712 |
0 |
2 |
|a Всероссийский научно-исследовательский геологический институт им. А. П. Карпинского (ВСЕГЕИ)
|c (Санкт-Петербург)
|3 (RuTPU)RU\TPU\col\414
|
| 801 |
|
1 |
|a RU
|b 63413507
|c 20070109
|g PSBO
|
| 801 |
|
2 |
|a RU
|b 63413507
|c 20080311
|g PSBO
|
| 850 |
|
|
|a 63413507
|
| 942 |
|
|
|c CR
|